| 000 | 00353nam a22001457a 4500 | ||
|---|---|---|---|
| 008 | 260211b |||||||| |||| 00| 0 eng d | ||
| 020 |
_a81-7450-550-4 _c125 |
||
| 040 | _a15 | ||
| 100 | _aNCERT | ||
| 245 | _aINDIAN CONSTITUTION AT WORK | ||
| 250 | _a2025 | ||
| 260 |
_aNCERT NEW DELHI _bR LALL BOOK DEPOT MEERUT _c2025 |
||
| 300 | _a242 | ||
| 942 | _c02 | ||
| 999 |
_c67030 _d67030 |
||